Distribution of Liquidity through the CBPP3 and ABSPP Programs and Credit Capacity in the Euro Area Member States
Salvato in:
| Autore principale: | |
|---|---|
| Altri autori: | |
| Natura: | Capitolo di libro |
| Lingua: | inglese |
| Soggetti: | |
| Tags: |
Nessun Tag, puoi essere il primo ad aggiungerne!!
|
MARC
| LEADER | 00000naa$a2200000$$$4500 | ||
|---|---|---|---|
| 001 | 0225107 | ||
| 005 | 20240502083600.8 | ||
| 041 | 0 | |a eng | |
| 044 | |a HR | ||
| 245 | 1 | 0 | |a Distribution of Liquidity through the CBPP3 and ABSPP Programs and Credit Capacity in the Euro Area Member States |c Mária Širaňová, Jana Kotlebová |
| 610 | 2 | 0 | |a oblasti menové |
| 610 | 2 | 0 | |a euromena |
| 610 | 2 | 0 | |a politika menová |
| 610 | 2 | 0 | |a Európska centrálna banka |
| 610 | 2 | 0 | |a úver bankový |
| 610 | 2 | 0 | |a nerovnosť |
| 610 | 2 | 0 | |a regióny |
| 100 | 1 | |a Širaňová, Mária | |
| 700 | 1 | |a Kotlebová, Jana, 1969- | |